000 00984nam a2200217Ia 4500
003 Ost
005 20260507074937.0
008 260507s9999||||xx |||||||||||||| ||und||
040 _cfsecg
041 _aara
082 _a658.15
100 _aكداوي، طلال
_eمؤلف
245 0 _aتقييم القرارات الاستثمارية /
_c طلال كداوي
260 _aعمان:
_bدار اليازوري,
_c2008
300 _a252 صفحة؛
_c25 سم
520 _aيتناول هذ الكتاب المحاور التالية تقييم القرارات الاستثمارية /الاستثمار الحقيقي /تقييم قرارات الاستثمار المالية /التقييم الاجتماعي للمشروعات /المشاكل التي تواجه عملية تقييم المشروعات عامل الوقت
653 _aادارة أعمال
653 _aالاستثمار
653 _aالقرارات الادارية
942 _cكتاب
999 _c41897
_d41897